=LDR 00000nam 2200000 4500 =001 INLIS000000000009689 =005 20130612101456 =008 ***********************************Ind** =035 ##$$0010-061300000009689 =041 ##$$a Ind =082 ##$$a 634.65 =090 ##$$a 634.65, Sup b =100 ##$$a Suprayitno, Imam =245 ##$$a Budidaya Salak Pondok, Penanaman - Pemeliharaan - Prospek Bisnis, Imam Suprayitno =260 ##$$a 1995 $b Solo =300 ##$$a 80 hlm, ilus, 21 cm =650 ##$$a Salak - Budidaya =850 ##$$a NBPNMAT